Statistiques concernant Pays qui battent le Qatar

Cliquez ici pour prendre le quiz!

Statistiques générales

  • Ce quiz a été pris 380 fois
    (372 depuis la dernière actualisation)
  • Le résultat moyen est 9 sur 20

Statistiques - réponses

RangCatégoriePays% Correct
5Le moins peuplé d'AsieBrunei | Maldives | Bhoutan | Bahreïn
84%
7Avec le souverain le plus richeThaïlande | Brunei | Arabie Saoudite | Emirats Arabes Unis | Maroc | Liechtenstein
83%
3Premier pays asiatique organisateur de la coupe du monde de footballJapon | Corée du Sud
81%
5Le plus petit d'AsieLiban | Brunei | Bahreïn | Singapour | Maldives
79%
3Le plus dépendant du pétroleArabie Saoudite | Norvège
58%
2Le plus riche par habitantMonaco
54%
2Le plus devinés au quiz des Monarchies absoluesArabie Saoudite
47%
4Le moins de précipitationsEgypte | Libye | Arabie Saoudite
46%
6IDH le plus élevé d'AsieJapon | Corée du Sud | Israël | Brunei | Chypre
44%
6Taux d'obésité le plus élevéPalaos | Nauru | Tonga | Samoa | Marshall
44%
3Le plus chaud d'AsieBahreïn | Maldives
38%
4Le moins de frontières (longueur, non nulle)Vatican | Monaco | Saint-Marin
36%
2Pourcentage d'hommes le plus élevéVatican
35%
4Plus gros ratio de taille avec un pays frontalier en AsieChine/Bhoutan | Russie/Géorgie | Russie/Azerbaidjan
34%
3Le moins placé dans le Moyen-Orient carte quizKoweït | Liban
32%
5Pourcentage le plus important d'habitants dans la capitaleSingapour | Monaco | Vatican | Bahamas
27%
2Seul pays commençant par une lettre, le plus proche de la fin de l'alphabetYémen
26%
3Plus grandes réserves de carburant par habitantKoweït | Emirats Arabes Unis
21%
2Pays frontaliers les plus richesSuisse/Liechtenstein
18%
2Ayant quitté l'OPEP le plus récemmentEquateur
4%

Distribution des résultats

Percentile par nombre de réponses

% des personnes avec chaque résultat

Votre développement - résultats

Vous n’avez pas pris ce quiz depuis la dernière actualisation